Riconosci il Calciatore - Quiz n°25 - Statistics

Statistiche generali
  • Questo quiz è stato fatto 34 volte
  • Il punteggio medio è 17 su 21
Statistiche sulle risposte
Indizio Risposta % Corretto
Nazionalità Croazia
100%
Ruolo Attaccante
97%
Squadra di club 8 Beşiktaş 2023-
93%
Squadra di club 7 Milan 2019-2023
90%
Data di nascita 21/09/1993
87%
Squadra di club 6 Eintracht Francoforte 2016-2019
87%
Altezza 185 cm
83%
Gol nei club 75
83%
Squadra di club 1 RNK Spalato 2011-2013
83%
Presenze nei club 331
80%
Trofei per club Coppa di Germania: 1 Eintracht Francoforte: 2017-2018 Campionato italiano: 1 Milan: 2021-2022
80%
Squadra di club 2 Fiorentina 2013-2014
80%
Squadra di club 4 Fiorentina 2015-2016
80%
Squadra di club 5 Hellas Verona 2016-2016
80%
Squadra di club 3 Red Bull Lipsia 2014-2015
80%
Trofei per nazionali 0
77%
Trofei individuali 0
77%
Gol in nazionale 3
77%
Presenze in nazionale 42
77%
Peso 78 kg
77%
Calciatore Ante Rebić
77%
Nessun quiz corrispondente trovato
Distribuzione punteggi
Percentuale di utenti per punteggio
Percentile per numero di risposta
I tuoi punteggi nel tempo
Non hai fatto questo quiz